Milton and the ineffable / (رقم التسجيلة. 19499)
[ عرض عادي ]
| 000 -الفاتح | |
|---|---|
| حقل البيانات ثابتة الطول | 01571cam a2200349 a 4500 |
| 001 - رقم الضبط | |
| رقم الضبط | 15884591 |
| 003 - محدد رقم الضبط | |
| رقم الضبط | OSt |
| 005 - وقت وتاريخ اخر تعامل مع التسجيلة | |
| رقم الضبط | 20150408113956.0 |
| 008 - عناصر البيانات ثابتة الطول - معلومات عامة | |
| حقل البيانات ثابتة الطول | 111210s2009 enk b 001 0 eng |
| 010 ## - رقم ضبط مكتبة الكونجرس | |
| رقم ضبط مكتبة الكونجرس | |
| 020 ## - الرقم الدولى المعيارى للكتب | |
| الرقم الدولى المعيارى للكتاب | 9780199572625 (hbk.) |
| 020 ## - الرقم الدولى المعيارى للكتب | |
| الرقم الدولى المعيارى للكتاب | 0199572623 (hbk.) |
| 035 ## - رقم ضبط النظام | |
| رقم ضبط النظام | (OCoLC)ocn430497055 |
| 040 ## - مصدر الفهرسة | |
| وكالة الفهرسة الأصلية | UKM |
| وكالة النسخ | MU |
| 042 ## - رمز التحقق | |
| رمز التحقق | ukblcatcopy |
| -- | lccopycat |
| 050 00 - رقم طلب مكتبة الكونجرس | |
| رقم المادة | .R45 2009 |
| 082 04 - رقم تصنيف ديوى العشرى | |
| رقم التصنيف | 821.4 R N M |
| رقم الطبعة | 22 |
| 100 1# - المدخل الرئيسى - إسم شخصى | |
| الإسم الشخصى | Reisner, Noam, |
| التواريخ المصاحبة للاسم | 1974- |
| 9 (RLIN) | 7549 |
| 245 10 - بيان العنوان | |
| العنوان | Milton and the ineffable / |
| بيان المسئوليه,etc | Noam Reisner. |
| 260 ## - PUBLICATION, DISTRIBUTION, ETC. (IMPRINT) | |
| مكان الناشر او الموزع | Oxford ; |
| -- | New York : |
| اسم الناشر او الموزع | Oxford University Press, |
| تاريخ النشر أو التوزيع | 2009. |
| 300 ## - الوصف المادى | |
| التعداد | xii, 321 p. ; |
| أبعاد الوعاء | 23 cm. |
| 490 1# - بيان السلسلة | |
| عنوان السلسلة | Oxford English monographs |
| 504 ## - تبصرة ببليوجرافية | |
| تبصرة ببليوجرافية,الخ | Includes bibliographical references (p. [288]-308) and index. |
| 505 0# - تبصرة محتويات-الفهرس | |
| تبصرة المحتويات المصاغة | Silence and presence: ineffability in ancient and medieval Western thought -- The power and illusion of words: renegotiating ineffable presence in the advent of humanism and reform -- Milton's Poems 1645: the problem with soaring -- Paradise Lost: pretending to say the unsayable -- Paradise Regained and Samson Agonistes: the ineffable self -- Epilogue: Wittgenstein's verdict. |
| 600 10 - المدخل الاضافى بالموضوع-اسم شخصى | |
| الإسم الشخصى | Milton, John, |
| التواريخ المصاحبة للاسم | 1608-1674 |
| التقسيم الفرعي العام | Criticism and interpretation. |
| 9 (RLIN) | 7550 |
| 650 #0 - المدخل الاضافى بالموضوع-مصطلح موضوعى | |
| مصطلح موضوعي أو اسم جغرافي كعنصر مدخل | Ineffable, The, in literature. |
| 9 (RLIN) | 7551 |
| 650 #0 - المدخل الاضافى بالموضوع-مصطلح موضوعى | |
| مصطلح موضوعي أو اسم جغرافي كعنصر مدخل | English poetry |
| التقسيم الفرعي الزمني | 17th century |
| التقسيم الفرعي العام | History and criticism. |
| 9 (RLIN) | 7552 |
| 830 #0 - المدخل الاضافى بالسلسلة -عنوان موحد | |
| عنوان موحد | Oxford English monographs. |
| 9 (RLIN) | 7553 |
| 906 ## - عنصر بيانات محلى F, LDF (RLIN) | |
| a | 7 |
| b | cbc |
| c | copycat |
| d | 2 |
| e | epcn |
| f | 20 |
| g | y-gencatlg |
| 942 ## - عناصر المدخل الإضافي( كوها) | |
| مصدر التصنيف او مخطط الترفيف | Dewey Decimal Classification |
| Koha [default] item type | DVD |
| حالة الفقد | نموذج السعر الفعال | حالة تلف | ليس للاعارة | رقم الطلب | رقم النسخة | تاريخ الاكتساب | الموقع الحالي | الباركود | الفرع الرئيسي | Date last seen | نوع المادة فى نظام كوها | مصدر التصنيف او خطة الترفيف | Total Checkouts |
|---|---|---|---|---|---|---|---|---|---|---|---|---|---|
| 2013-03-10 | 821.4 R N M | n 1 | 2011-12-10 | قسم الاجراءات الفنية (IC) | 00100985 | قسم الاجراءات الفنية (IC) | 2013-03-10 | كتاب | Dewey Decimal Classification | ||||
| 2013-03-10 | 821.4 R N M | n 2 | 2011-12-10 | قسم الاجراءات الفنية (IC) | 00100986 | قسم الاجراءات الفنية (IC) | 2013-03-10 | كتاب | Dewey Decimal Classification |
